000 00418 a2200109 4500
001 ART_25964
005 20260410161935.0
008 260409a
245 1 0 _aEl conocimiento tácito y el conocimiento codificado en la economía basada en el conocimiento
100 1 _aMontuschi, Luisa
773 0 _tAnales de la Academia Nacional de Ciencias Económicas
_g- Vol. XLVII, (2002) (ene. 2002)
_wREV25596
999 _c28960
_d28960